00355pab a2200145 454500008004000000100001500040245006800055260000900123300001300132362001100145650001100156650001000167650001200177773002000189180718b2017 xxu||||| |||| 00| 0 eng d aAjit Kumar aDoubling farmers income: empowerment of farmers and rural youth c2017 ap.92-95. a30 Jan aIncome aYouth aFarmers aUniversity News